00358nam a22001217a 450000500170000002000220001703500130003903700130005210000240006524500820008926000400017130000250021120170828162805.0 a8174871721c00.00 aB-059407 aDPLbENG aMohapatra, Arun Ray aPublic interest litigation and human rights in India /cby Arun Ray Mohapatra aNew DelhibRadha Publicationsc2001 axiii, 216p.c18 cms.